书目信息 |
| 题名: |
视觉陷阱:眼睛是如何欺骗你的
|
|
| 作者: | 【英】吉福德 著 ;周彪 译 | |
| 分册: | ||
| 出版信息: | 北京 电子工业出版社 2016.05 |
|
| 页数: | 64页 | |
| 开本: | 25cm | |
| 丛书名: | ||
| 单 册: | ||
| 中图分类: | R77 | |
| 科图分类: | ||
| 主题词: | 眼科学 | |
| 电子资源: | ||
| ISBN: | 978-7-121-28461-8 | |
| 000 | 00755nam0 2200217 450 | |
| 001 | 2358438520 | |
| 005 | 20231007161729.86 | |
| 010 | @a978-7-121-28461-8@dCNY58.00 | |
| 100 | @a20231007d2016 km y0chiy0120 ea | |
| 101 | 0 | @achi |
| 102 | @aCN@b110000 | |
| 200 | 1 | @a视觉陷阱:眼睛是如何欺骗你的@AShi Jue Xian Jing:Yan Jing Shi Ru He Qi Pian Ni De@f【英】吉福德(Gifford,C.)著;周彪译@F【Ying】Ji Fu De(Gifford,C.)Zhu;Zhou Biao Yi |
| 210 | @a北京@c电子工业出版社@d2016.05 | |
| 215 | @a64页@d25cm | |
| 300 | @a英国皇家学会 青少年科学图书奖 | |
| 606 | 0 | @a眼科学 |
| 690 | @aR77@v4 | |
| 701 | 0 | @a【英】吉福德@A【Ying】Ji Fu De@bGifford,C.@4著 |
| 702 | 0 | @a周彪@AZhou Biao@4译 |
| 801 | 0 | @aCN@b大连网信软件有限公司图书馆·11@c20231007 |
| 905 | @aZUCC@dR77@e15 | |
| 视觉陷阱:眼睛是如何欺骗你的/【英】吉福德(Gifford,C.)著;周彪译.-北京:电子工业出版社,2016.05 |
| 64页;25cm |
| 英国皇家学会 青少年科学图书奖 |
| ISBN 978-7-121-28461-8:CNY58.00 |
| ● |
| 相关链接 |
|
|
|
|
正题名:视觉陷阱:眼睛是如何欺骗你的
索取号:R77/15
 
预约/预借
| 序号 | 登录号 | 条形码 | 馆藏地/架位号 | 状态 | 备注 |
| 1 | 0568831 | 205688317 | 第二样本阅览室/ [索取号:R77/15] | 在馆 |